00496 a2200181 450000100060000002000150000604000240002110000210004524000330006624500280009930000070012736200090013444000120014365000310015594200070018695201040019399900170029769540 a8516049868 cAnchieta - Itaigara aCarrasco, Walcyr10aCamarões X tartarugaslpor10aCamarões X tartarugas a720 a2006 1aModerna 4aLiteratura infanto-juvenil cBK 00104070a88.1b88.1d2023-11-21l0o028.5 CAR CAMp1960/ITAr2023-11-21 20:04:08w2023-11-21yBK c69540d69540